ՀՀ Գիտությունների ազգային ակադեմիայի հիմնարար գիտական գրադարան  =   Fundamental Scientific Library of NAS RA

Проектирование спускаемых автоматических космических аппаратов : (Record no. 276482)

MARC details
000 -LEADER
fixed length control field 01281nam a2200241 a 4500
001 - CONTROL NUMBER
control field 000748283
003 - CONTROL NUMBER IDENTIFIER
control field AM-YeHGA
005 - DATE AND TIME OF LATEST TRANSACTION
control field 20250617143528.0
008 - FIXED-LENGTH DATA ELEMENTS--GENERAL INFORMATION
fixed length control field 100702s1985 ||| r 000 0 rus d
040 ## - CATALOGING SOURCE
Original cataloging agency AM-YeHGA
041 0# - LANGUAGE CODE
Language code of text/sound track or separate title rus
090 ## - LOCALLY ASSIGNED LC-TYPE CALL NUMBER (OCLC); LOCAL CALL NUMBER (RLIN)
-- 278132
245 00 - TITLE STATEMENT
Title Проектирование спускаемых автоматических космических аппаратов :
Remainder of title Опыт разработки диалоговых процедур /
Statement of responsibility, etc. А.Т. Базилевский и др.; Под ред. В.М. Ковтуненко.
260 ## - PUBLICATION, DISTRIBUTION, ETC.
Place of publication, distribution, etc. Москва :
Name of publisher, distributor, etc. Машиностроение,
Date of publication, distribution, etc. 1985.
300 ## - PHYSICAL DESCRIPTION
Extent 264 с.
500 ## - GENERAL NOTE
General note Авт. указаны на обороте тит. л.
504 ## - BIBLIOGRAPHY, ETC. NOTE
Bibliography, etc. note Библиогр.: с. 261-263
653 0# - INDEX TERM--UNCONTROLLED
Uncontrolled term Космические летательные аппараты - Вход в атмосферу планет
650 ## - SUBJECT ADDED ENTRY--TOPICAL TERM
Topical term or geographic name entry element Космические летательные аппараты - Посадка мягкая
700 1# - ADDED ENTRY--PERSONAL NAME
Personal name Космические летательные аппараты - Проектирование - Математические методы
700 1# - ADDED ENTRY--PERSONAL NAME
Personal name Ковтуненко, В.М.
Relator term ред.
Relationship edt
700 1# - ADDED ENTRY--PERSONAL NAME
Personal name Базилевский, Вячеслав Михайлович
Holdings
Withdrawn status Lost status Damaged status Not for loan Collection Home library Current library Date acquired Total checkouts Full call number Barcode Date last seen Price effective from Koha item type Public note
        General Fundamental Scientific Library Fundamental Scientific Library 29/12/2016   PII/534534 FL0164430 29/12/2016 29/12/2016 Գրքեր / Books 30 Days Loan


ՀՀ ԳԱԱ հիմնարար գիտական գրադարան
ՀՀ,Երևան 0019
Մարշալ Բաղրամյան 24/6
հեռախոս:(374-10) 52-47-50
Հետադարձ կապ

All site content, except where otherwise noted, is licensed under a
Creative Commons License